| 000 | 00349nam a2200145Ia 4500 | ||
|---|---|---|---|
| 008 | 220803s9999 xx 000 0 und d | ||
| 020 | _a9780415822756 | ||
| 041 | _aeng | ||
| 082 | _a720.28'6 BLU | ||
| 100 |
_aBluyssen P _925059 |
||
| 245 | _aHealthy Indoor Environment | ||
| 260 |
_aNew York _bRoutledge _c2014 |
||
| 300 | _a466p | ||
| 500 | _aENVIR | ||
| 999 |
_c15929 _d15929 |
||